| 000 | 00423nam a2200133Ia 4500 | ||
|---|---|---|---|
| 008 | 230907s9999||||xx |||||||||||||| ||und|| | ||
| 082 |
_a515.35 _bZIL |
||
| 100 |
_aZill, Dennis G., _91266 |
||
| 245 | 2 | _aA first course in differential equations with modeling applications / | |
| 260 |
_aBrooks/Cole, Cengage Learning, _bBoston, MA : _c2013 |
||
| 300 | _a1 v. (various pagings) : | ||
| 650 |
_aTextbooks. _98511 |
||
| 942 | _cBK | ||
| 999 |
_c598881 _d598881 |
||